|
|
|
|
| LEADER |
00000cam a2200000 a 4500 |
| 001 |
vtls001173763 |
| 003 |
SK-MaSNL |
| 005 |
20260301233806.0 |
| 008 |
240226s1910 xo 000 f slo |
| 015 |
|
|
|a SNBA1910
|
| 035 |
|
|
|a SNK000116747
|
| 035 |
|
|
|a urn:nbn:sk:snk-am3hkvp
|
| 035 |
|
|
|a 92CDBE9A-AF63-4AB0-91C7-B51E749BA21B
|
| 035 |
|
|
|a urn:nbn:sk:snk-am00d3yk
|
| 040 |
|
|
|a SNK
|b slo
|c SNK
|e AACR2
|
| 041 |
0 |
|
|a slo
|
| 044 |
|
|
|a xo
|c SK
|
| 080 |
|
|
|a 885.4-93-3
|2 1981
|
| 080 |
|
|
|a 398.2(437.6)
|2 1981
|
| 245 |
0 |
0 |
|a Prostonárodné slovenské povesti
|n sošit 4
|c usporiadal Pavol Dobšinský
|
| 250 |
|
|
|a 2. vyd.
|
| 260 |
|
|
|a Turčiansky Sv. Martin
|b Kníhtlačiarsky účastinársky spolok
|c 1910
|e Turčiansky Sv. Martin
|f Kníhtlačiarsky účastinársky spolok
|
| 300 |
|
|
|a 96 s.
|c 17 cm
|
| 655 |
|
7 |
|a slovenské ľudové rozprávky
|2 SNKPH
|9 239440
|
| 700 |
1 |
|
|a Dobšinský, Pavol,
|d 1828-1885
|4 com
|9 242422
|
| 954 |
|
|
|a beletria pôvodná (slovenská)
|2 lita
|
| 958 |
|
|
|a ONDV
|
| 999 |
|
|
|c 967713
|d 969643
|
| 952 |
|
|
|a SNK
|b SNK
|y VYP
|7 0
|p 17A0553529
|o snkSD 5074/4 D2
|i snkK 548/71
|8 3
|3 rekatalogizácia
|0 0
|1 0
|4 0
|d 1997-08-15
|l 0
|r 2005-01-01 00:00:00
|w 2026-02-24
|
| 952 |
|
|
|a SNK
|b SNK
|y PREZ
|7 0
|p 17A0090607
|o snkSD 5074/4 D1
|i snkF 2908/64
|8 5
|z Rok: 1910
|0 0
|1 0
|4 0
|d 2009-03-23
|l 0
|r 2026-02-24 10:41:16
|w 2026-02-24
|
| 952 |
|
|
|a SNK
|b SNK
|y PREZ
|7 0
|p 17A0896433
|o snkSD 5074/4
|i snkKSK 1972/57
|8 3
|0 0
|1 0
|4 0
|d 2018-07-10
|f 1
|l 0
|r 2025-11-12 00:00:00
|w 2026-02-24
|